| 000 | 00654nam a2200181 i 4500 | ||
|---|---|---|---|
| 001 | 24491 | ||
| 003 | ES-MaACL | ||
| 005 | 20230906153046.0 | ||
| 007 | t| | ||
| 008 | 021217s1961 sp ||||1| spa d | ||
| 100 | 1 |
_aAndreu Rubio, José María. _921650 |
|
| 245 | 1 | 4 |
_aLos dípteros bombílidos españoles y su distribución geográfica / _cJosé María Andreu Rubio. |
| 260 |
_aMurcia : _b[s.n.], _c1961. |
||
| 300 |
_a65 p. ; _c24 cm. |
||
| 500 | _aPrecede al tít.: Instituto de Orientación y Asistencia Técnica del Sureste. | ||
| 710 | 2 |
_aInstituto de Orientación y Asistencia Técnica del Sureste. _94991 |
|
| 852 |
_aES-MaACL _jC-21278 _bR.49702 |
||
| 999 |
_c24491 _d24491 |
||